Arlit, deuxième Paris : Arlit, the second Paris /

"Arlit, deuxième Paris is a case study in migration and environmental racism set in an uranium mining town in the Sahara desert of Niger. Here European corporations extracted nuclear power and profits, leaving behind illness due to radiation, contamination and unemployment. Arlit flourished du...

Full description

Bibliographic Details
Corporate Authors: MKJ Films, Fonds Sud cinéma, Noble Films, California Newsreel (Firm)
Other Authors: Mora Kpaï, Idrissou, Boni-Claverie, Isabelle
Format: Video DVD
Language:French
Niger-Kordofanian (Other)
Hausa
Tamashek
Language Notes:In French, Bariba, Hausa and Tamashek with English subtitles.
Published: [San Francisco, Calif.] : California Newsreel, [2005]
Subjects:

MARC

Tag First Indicator Second Indicator Subfields
LEADER 00000cgm a2200000Ia 4500
001 in00002140521
005 20151103163547.0
007 vd cvaizu
008 060215s2005 cau078 e vlfre d
035 |a (OCoLC)ocm63809729 
040 |a MDY  |c MDY  |d WAU  |d TXA  |d UtOrBLW 
041 1 |a fre  |a nic  |a hau  |a tmh  |j eng 
043 |a f-ng--- 
049 |a TXAM 
050 4 |a TD195.U7  |b A76 2005 
245 0 0 |a Arlit, deuxième Paris :  |b Arlit, the second Paris /  |c MKJ Films présente, avec le soutien du Fonds Sud cinéma [and others] ; une film de Idrissou Mora Kpai ; collaboration á l'écriture, Isabelle Boni-Claverie ; écrit et réalisé par Idrissou Mora Kpai ; une coproduction MKJ Films-Noble Films. 
246 3 1 |a Arlit, the second Paris 
264 1 |a [San Francisco, Calif.] :  |b California Newsreel,  |c [2005] 
264 4 |c ©2005 
300 |a 1 videodisc (75 [i.e. 78] min.) :  |b sound , color ;  |c 4 3/4 in. 
336 |a two-dimensional moving image  |b tdi  |2 rdacontent 
337 |a video  |b v  |2 rdamedia 
338 |a videodisc  |b vd  |2 rdacarrier 
538 |a DVD-R. 
546 |a In French, Bariba, Hausa and Tamashek with English subtitles. 
508 |a Musique, Groupe Ferdewass d'Arlit, Amadou Sariki Nomma ; image, Jacques Besse ; montage, Vera Memmi. 
500 |a Originally released as a motion picture in 2005. 
500 |a A foreign film (Benin/France). 
521 8 |a MPAA rating: Not rated. 
520 |a "Arlit, deuxième Paris is a case study in migration and environmental racism set in an uranium mining town in the Sahara desert of Niger. Here European corporations extracted nuclear power and profits, leaving behind illness due to radiation, contamination and unemployment. Arlit flourished during the oil crunch of the early 70s when its uranium mines employed 25,000 workers from around the world in high paying jobs. It had frequent international flights, electricity, and nightlife, earning it the nickname, 'le deuxiéme Paris' (the second Paris). Then came the collapse in uranium prices and the Tuareg rebellion against the central government in Niamey. The European companies abandoned it, leaving behind the derelict machinery littering the desert which is so memorable an image in the film. Arlit demonstrates the ultimate futility of overseas investment in a commodity-based industry as a strategy for development"--Container. 
500 |a Videorecording. 
650 0 |a Uranium mines and mining  |x Environmental aspects  |z Niger  |z Arlit. 
651 0 |a Niger  |x Economic conditions. 
651 0 |a Niger  |x Social conditions. 
651 0 |a Niger  |x Emigration and immigration. 
655 7 |a Documentary films.  |2 lcgft 
655 0 |a Motion pictures, African. 
655 0 |a Motion pictures, French. 
700 1 |a Mora Kpaï, Idrissou. 
700 1 |a Boni-Claverie, Isabelle. 
710 2 |a MKJ Films. 
710 2 |a Fonds Sud cinéma. 
710 2 |a Noble Films. 
710 2 |a California Newsreel (Firm) 
948 |a cataloged  |b h  |c 2006/6/21  |d c  |e mphillip  |f 7:10:27 pm 
994 |a C0  |b TXA 
999 |a MARS 
999 f f |s 9b924330-4e09-3019-bddf-34d95d96d63d  |i 530c7da2-3b90-3001-940f-ba2b87510ce4  |t 0 
952 f f |p dvd  |a Texas A&M University  |b College Station  |c Sterling C. Evans Library  |d Evans: Media and Reserves (Annex 1st floor)  |t 0  |e TD195.U7 A76 2005  |h Library of Congress classification  |i video -- videodisc  |m A14834521831 
998 f f |a TD195.U7 A76 2005  |t 0  |l Evans: Media and Reserves (Annex 1st floor)